Musical Acts by State - Rhode Island - Statistics

General Stats
  • This quiz has been taken 30 times
  • The average score is 3 of 30
Answer Stats
City/Town Songs Answer % Correct
Providence Hit 'Em Up Style (Oops!) | Breathe Blu Cantrell
52%
Providence Gonna Fly Now | Going The Distance Bill Conti
33%
Providence Heaven Must Be Missing An Angel | More Than A Woman Tavares
30%
Newport Feed The Tree | Seal My Fate Belly
26%
Providence On the Wings Of Love | You Should Be Mine (The Woo Woo Song) Jeffrey Osborne
26%
Narragansett Heart's On Fire | Sleep Walk John Cafferty (and the Beaver Brown Band)
15%
Pawtucket Title Music from A Clockwork Orange | Main Title from The Shining Wendy Carlos
15%
Newport The Rain, The Park & Other Things | Hair The Cowsills
11%
Westerly One Voice | Warm & Fuzzy Billy Gilman
7%
Providence Goodbye, Dear Friend | Twenty Miles Deer Tick
7%
Cranston These Days | Life Got Crazy mike.
7%
Providence Mind Trip | Electronic Dream AraabMuzik
4%
Providence I Want A Big Butter And Egg Man | I Guess I'll Have To Change My Plan Bobby Hackett
4%
Woonsocket There Will Never Be Another You | Poor Butterfly Dave McKenna
4%
North Smithfield Cumberland Gap | Ruby David Rawlings
4%
Providence Forever | Replay Dee Gomes
4%
Providence Back To Love | Beat Dat Beat (It's Time To) DJ Pauly D
4%
Woonsocket Love Slipped In | Don't Bother Trying To Steal Her Love Duke Robillard
4%
Providence Little Jack Frost, Get Lost | One More Tomorrow Frankie Carle (Orchestra)
4%
Providence Let's Get Out Of Here | Hold On To Your Genre Les Savy Fav
4%
Providence 13 Monsters | Assassins Lightning Bolt
4%
Providence Don't Wait | Change Mapei
4%
Cranston One In A Million | Break Through The Silence Monty Are I
4%
Barrington Mercyland | God On The Rocks Phil Madeira
4%
Westerly Boogie Woogie Country Girl | You Don't Know Roomful of Blues
4%
Providence Stockholm Sweetnin' | Good Morning Heartache Scott Hamilton
4%
Providence Nothing Stirs | Wanderings The Body
4%
Providence Whisper | Go Get Your Gun The Dear Hunter
4%
Providence To Ohio | Charlie Darwin The Low Anthem
4%
Newport Not Too Soon | Bright Yellow Gun Throwing Muses
4%
No matching quizzes found
Score Distribution
Percent of People with Each Score
Percentile by Number Answered
Your Score History
You have not taken this quiz